000 00563nam a22001817a 4500
005 20251108172732.0
008 250721s2002 xx 000 0 ara d
082 1 4 _a344.02/زعب
100 1 _aالزعبي، تيسير أحمد
_eمؤلف
245 1 0 _aقانون الضمان الإجتماعي... /
264 1 _aعمان :
_c2002.
300 _a54ص.
650 1 7 _aالضمان الإجتماعي
650 1 7 _aالتشريعات الإجتماعية
650 1 7 _aتشريعات الضمان الإجتماعي
942 _2ddc
_cBK
999 _c87191
_d87191